000 00274nam a22001337a 4500
082 _a894.812.3
_bSHA/M
100 _aMENON, SALINI
245 _aMEGHA MUTHASSI
260 _aPARAVUR
_bGEETHAM BOOKS
_c2019
300 _a80
520 _aNOVEL
650 _aNOVEL
942 _cBK
999 _c5243
_d5243